00520 2200181 4500245005400000020002200054250001100076100001800087700002000105700004100125650002100166005001900187260007600206041001400282084001000296300002300306336000900329 aSeberapa Beratkah Berat Itu?cSukanya SinhahText a978-623-307-990-7 aCet. 1 aSukanya Sinha aHari Kumar Nair aMuhammad Dirgantara Esa Valentino Am aCerita Bergambar a20241001130559 aJakartabKementerian Pendidikan, Kebudayaan, Riset, dan Teknologic2022 aIndonesia a741.5 a28 hlm. :c22,9 cm atext